Navigačný systém Galileo - podporná technológia pre inteligentné dopravné systémy

Využitie systému satelitnej navigácie v cestnej doprave. Navigačný systém GALILEO a jeho charakteristika. Aplikácia služieb satelitných navigačných systémov na dopravu.

Gespeichert in:
Bibliographische Detailangaben
1. Verfasser: Ondruš, Ján
Weitere Verfasser: Dicová, Jana
Format: Buchkapitel
Sprache:Slowakisch
Schlagworte:
Tags: Tag hinzufügen
Keine Tags, Fügen Sie das erste Tag hinzu!

MARC

LEADER 00000naa a2200000 4500
001 0157505
005 20231018105804.0
041 0 |a slo 
044 |a SK 
245 1 0 |a Navigačný systém Galileo - podporná technológia pre inteligentné dopravné systémy  |c Ján Ondruš, Jana Dicová 
520 |a Využitie systému satelitnej navigácie v cestnej doprave. Navigačný systém GALILEO a jeho charakteristika. Aplikácia služieb satelitných navigačných systémov na dopravu. 
610 2 0 |a systémy informačné 
610 2 0 |a doprava cestná 
610 2 0 |a technológie informačné 
610 2 0 |a technológie komunikačné 
100 1 |a Ondruš, Ján 
700 1 |a Dicová, Jana